LEADER 01249nlm0 22003731i 450 001 990009882320403321 005 20140714101839.0 010 $a9781845936112 035 $a000988232 035 $aFED01000988232 035 $a(Aleph)000988232FED01 035 $a000988232 100 $a20140714d2010----km-y0itay0103----ba 101 0 $aeng 135 $adrnn-008mamaa 200 1 $aTourism and visual culture, volume 2$bRisorsa elettronica$emethods and cases$fedited by Peter M. Burns, Jo-Anne Lester and Lyn Bibbings 210 $aCambridge, Mass.$cCAB International$cOvid [distributor]$d2010 230 $aDocumento elettronico 336 $aTesto 337 $aFormato pdf 517 1 $aMethods and cases 676 $a306.4819 702 1$aBibbings,$bLyn 702 1$aBurns,$bPeter$g 702 1$aLester,$bJo-Anne 801 3$aIT$bUNINA$gREICAT$2UNIMARC 856 4 $zFull text per gli utenti Federico II$uhttp://ovidsp.ovid.com/ovidweb.cgi?T=JS&PAGE=booktext&NEWS=N&DF=bookdb&AN=01437475/1st_Edition&XPATH=/PG(0) 901 $aEB 912 $a990009882320403321 961 $aTourism 961 $aVisual communication 961 $aTravel 996 $aTourism and visual culture, volume 2$9829779 997 $aUNINA LEADER 03948nam 22006135 450 001 9910299411003321 005 20200704104115.0 010 $a981-10-6211-0 024 7 $a10.1007/978-981-10-6211-7 035 $a(CKB)4100000000587069 035 $a(DE-He213)978-981-10-6211-7 035 $a(MiAaPQ)EBC5061638 035 $a(PPN)204532124 035 $a(EXLCZ)994100000000587069 100 $a20170927d2018 u| 0 101 0 $aeng 135 $aurnn|008mamaa 181 $ctxt$2rdacontent 182 $cc$2rdamedia 183 $acr$2rdacarrier 200 10$aChina-ASEAN Environment Outlook 1 (CAEO-1) $eTowards Green Development 205 $a1st ed. 2018. 210 1$aSingapore :$cSpringer Singapore :$cImprint: Springer,$d2018. 215 $a1 online resource (LI, 234 p. 51 illus., 29 illus. in color.) 311 $a981-10-6210-2 330 $aThis book presents a comprehensive analysis of the status and progress of China-ASEAN green development and examines the common development issues in China and ASEAN Member States (AMSs). It also explores development trends within the framework of global and regional environmental governance and discusses the approaches towards green development in China and AMSs, offering its own definition of green development and using a ?pressure-state-response? (PSR) model to build a framework for assessing green development. The book includes typical policy measures and numerous practices for green development in China and AMSs in the form of tables, figures and boxes. Based on detailed analysis, it argues that the global 2030 Agenda for Sustainable Development brings significant opportunities to China and AMSs, that the ongoing pragmatic cooperation should be further advanced, and that a connection between the Belt and Road Initiative and green ASEAN Community should be established to achieve regional sustainable development. As such it furthers readers? understanding of environment and development and practical policy advice for promoting China-ASEAN cooperation on environment and green development. Intended for decision makers from the government, business sector, and civil societies who are working to boost green development and China-ASEAN cooperation, it is also a valuable resource for government officials, researchers and non-experts interested in creating a balanced relationship between the environment and development. 606 $aEnvironmental management 606 $aEnvironmental law 606 $aEnvironmental policy 606 $aSustainable development 606 $aEconomic development 606 $aIndustrial management?Environmental aspects 606 $aEnvironmental Management$3https://scigraph.springernature.com/ontologies/product-market-codes/U17009 606 $aEnvironmental Law/Policy/Ecojustice$3https://scigraph.springernature.com/ontologies/product-market-codes/U16002 606 $aSustainable Development$3https://scigraph.springernature.com/ontologies/product-market-codes/U34000 606 $aRegional Development$3https://scigraph.springernature.com/ontologies/product-market-codes/913050 606 $aSustainability Management$3https://scigraph.springernature.com/ontologies/product-market-codes/515040 615 0$aEnvironmental management. 615 0$aEnvironmental law. 615 0$aEnvironmental policy. 615 0$aSustainable development. 615 0$aEconomic development. 615 0$aIndustrial management?Environmental aspects. 615 14$aEnvironmental Management. 615 24$aEnvironmental Law/Policy/Ecojustice. 615 24$aSustainable Development. 615 24$aRegional Development. 615 24$aSustainability Management. 676 $a333.7 712 02$aChina-ASEAN Environmental Cooperation Center, 906 $aBOOK 912 $a9910299411003321 996 $aChina-ASEAN Environment Outlook 1 (CAEO-1)$92503408 997 $aUNINA